| 000 | | | 04295nmc2a2200000 x 450 |
| 001 | | | 0efd1f5e-0df0-4751-86d5-84ccc0238cfb |
| 005 | | | 20151230102836.0 |
| 100 | ## | $a | 20150415l18391839k l0rusy0189 ca |
| 101 | 0# | $a | rus |
| 102 | ## | $a | RU |
| 200 | 1# | $a | Дело о разрешении учителям уездных училищ Иркутской губернии обучать учеников латинскому, немецкому языкам и алгебре во внеурочное время |
| | $j | 26 ноября - 8 декабря 1839 г. |
| 251 | ## | $c | Дело |
| 300 | ## | $a | Дело |
| 300 | ## | $a | Ориг. заголовок дела: Дело по представлению состоящего в должности Иркутского гражданского губернатора о дозволении учителям Киренского уездного училища Титову и Затопляеву обучать учеников того училища началам латинского языка и алгебры. 26 ноября 1839 г. - 8 декабря 1839 г |
| 801 | #0 | $a | RU |
| | $b | РГИА |
| | $c | 20150415 |
| | $g | RCR |
| 801 | #1 | $a | RU |
| | $b | ГлавНИВЦ |
| | $c | 20150415 |
| | $2 | rusmarc |
| 801 | #2 | $a | RU |
| | $b | ПБ им. Б.Н. Ельцина |
| | $c | 20151230 |
| | $g | RCR |
| | $2 | rusmarc |
| 850 | ## | $a | РГИА |
| 852 | ## | $a | РГИА |
| | $e | Федеральное казенное учреждение "Российский государственный исторический архив" (РГИА) |
| | $j | 182 |
| 937 | ## | $h | РГИА |
| | $d | 11186572 |
| | $a | ASBIBLIO_SCAN |
| 462 | #0 | $1 | 0016b115cf4-66a1-48f0-a2d5-310bee1426dd |
| | $1 | 2001 |
| | $a | Дела Департамента народного просвещения по Сибирской дирекции училищ за 1829-1846 гг. |
| | $1 | 251 |
| | $c | Опись |
| | $1 | 852 |
| | $j | 83 |
| 461 | #0 | $1 | 001a74412a3-3cc5-4d21-8f0a-dfe2fbd9e72d |
| | $1 | 2001 |
| | $a | Департамент народного просвещения Министерства народного просвещения |
| | $1 | 251 |
| | $c | Фонд |
| | $1 | 852 |
| | $j | 733 |
| 215 | ## | $a | 5 л. |
| | $d | 36,5х26 см |
| 371 | ## | $a | Документ не является опубликованным и широко распространяемым |
| 105 | ## | $a | y### |
| 122 | 2# | $a | d |
| 517 | 1# | $a | Дело по представлению состоящего в должности Иркутского гражданского губернатора о дозволении учителям Киренского уездного училища Титову и Затопляеву обучать учеников того училища началам латинского языка и алгебры. 26 ноября 1839 г. - 8 декабря 1839 г |
| 035 | ## | $a | 0efd1f5e-0df0-4751-86d5-84ccc0238cfb |